000 00710cam a2200241 4500
001 M96004
008 090401t1998 xxu||||| |||| 00| 0 eng d
035 _a(Sirsi) u99654
041 _aeng
110 _aRoyal Institution of Chartered Surveyors
_94900
245 _aProposed new Minerals Planning Guidance 5 : Stability in Surface Mineral workings and Tips.
260 _aLondon
_bRICS
_c1998
300 _a7p. ; 30cm.
350 _a0
490 _aRICS Policy Unit Submission
_vPU/SUB/105
650 _aMINERAL PLANNING GUIDANCE NOTE 5
650 _aMPG5
650 _aSTABILITY
650 _aSURFACE MINERAL WORKINGS
690 _aPLANNING LAW AND PRACTICE
942 _n0
948 _c12/01/1999
999 _c99426
_d99426